Divergent characters - Statistics

General Stats
  • This quiz has been taken 801 times
  • The average score is 10 of 12
Answer Stats
Hint Answer % Correct
main character tris
97%
brother caleb
95%
best friend christina
94%
boyfriend tobias
94%
choosen faction dauntless
92%
original faction abnegation
89%
male friend will
87%
cruel father marcus
86%
instructor eric
81%
head of euridite jeanine
78%
tattoo artist tori
75%
Dauntless friend uriah
65%
No matching quizzes found
Score Distribution
Percent of People with Each Score
Percentile by Number Answered
Your Score History
You have not taken this quiz